000
00198 a2200097 4500
001
45998
100
_a
Black E
245
_a
Sporting scenes
260
_a
_b
Methuen & Co
_c
090
_c
29121
_d
29121
942
_a
NUST-CAE
_c
M
_c
21249
999
_c
281071
_d
281071